Randomized Pokémon Quiz by Type and Letter - Statistics

General Stats
  • This quiz has been taken 63 times
    54 since last reset
  • The average score is 17 of 25
Answer Stats
Type and Letter Pokémon % Correct
Grass/Letter A Abomasnow|Amoonguss|Appletun|Applin|Arboliva
100%
Ghost/Letter A Aegislash|Annihilape
100%
Dragon/Letter B Bagon|Baxcalibur
100%
Rock/Letter B Barbaracle|Bastiodon|Binacle|Bonsly
100%
Grass/Letter B Bayleef|Bellossom|Bellsprout|Bounsweet|Brambleghast|Bramblin|Breloom|Brute Bonnet|Budew|Bulbasaur
100%
Poison/Letter B Beedrill|Bellsprout|Budew|Bulbasaur
100%
Dark/Letter B Bisharp|Bombirdier|Brute Bonnet
100%
Fire/Letter B Blacephalon|Blaziken|Braixen
100%
Dark/Letter C Cacturne|Carvanha|Chi-Yu|Chien-Pao|Crawdaunt
100%
Psychic/Letter C Calyrex|Celebi|Chimecho|Chingling|Claydol|Cosmeom|Cosmog|Cresselia
100%
Fire/Letter C Camerupt|Carkol|Centiskorch|Ceruledge|Chandelure|Charcadet|Charizard|Charmander|Charmeleon|Chi-yu|Chimchar|Cinderace|Coalossal|Combusken| Crocalor|Cyndaquil
100%
Ground/Letter C Camerupt|Claydol|Clodsire|Cubone
100%
Fairy/Letter C Carbink|Clefable|Clefairy|Cleffa|Comfey|Cottonee|Cutiefly
100%
Water/Letter C Carracosta|Carvanha|Chewtle|Chinchou|Clamperl|Clauncher|Clawitzer|Cloyster|Corphish|Corsola|Cramorant|Crawdaunt|Croconaw
100%
Ice/Letter C Cetitan|Cetoddle|Chien-Pao|Cloyster|Crabominable|Cryogonal|Cubchoo
100%
Fighting/Letter C Chesnaught|Clobbopus|Cobalion|Combusken|Conkeldurr|Crabominable|Crabrawler|Croagunk
100%
Fire/Letter D Darmanitan|Darumaka|Delphox
100%
Grass/Letter D Dartrix|Decidueye|Deerling|Dhelmise|Dipplin|Dolliv
100%
Ice/Letter D Delibird|Dewgong
100%
Rock/Letter D Diancie|Drednaw|Dwebble
100%
Electric/Letter E Eelektrik|Eelektross|Electabuzz|Electivire|Electrike|Electrode|Elekid|Emolga
100%
Poison/Letter E Ekans|Eternatus
100%
Psychic/Letter E Elgyem|Espathra|Espeon|Espurr|Exeggcute|Exeggutor
100%
Flying/Letter E Emolga|Enamorus
100%
Dragon/Letter E Eternatus
100%
Fighting/Letter F Falinks|Flamigo
100%
Normal/Letter F Farfetch'd|Farigiraf|Fearow|Fletchling|Furfrou|Furret
100%
Fire/Letter F Fennekin|Flareon|Fletchinder|Fuecoco
100%
Fairy/Letter F Fezandipiti|Fidough|Flabebe|Floette|Florges|Flutter Mane
100%
Poison/Letter F Fezandipiti|Foongus
100%
Water/Letter G Gastrodon|Goldeen|Golduck|Golisopod|Gorebyss|Greninja|Gyarados
100%
Flying/Letter G Gligar|Gliscor|Golbat|Gyarados
100%
Normal/Letter H Happiny|Heliolisk|Helioptile|Herdier|Hoothoot
100%
Dark/Letter H Honchkrow|Houndoom|Houndour|Hydreigon
100%
Fairy/Letter I Igglybuff|Imipidimp|Iron Valiant
100%
Normal/Letter I Igglybuff|Indeedee
100%
Fighting/Letter I Infernape|Iron Hands|Iron Valiant
100%
Water/Letter I Inteleon|Iron Bundle
100%
Rock/Letter I Iron Boulder|Iron Thorns
100%
Ice/Letter I Iron Bundle
100%
Psychic/Letter J Jirachi|Jynx
100%
Electric/Letter J Joltik|Jolteon
100%
Flying/Letter J Jumpluff
100%
Fairy/Letter K Kirlia|Klefki
100%
Ice/Letter K Kyurem
100%
Ghost/Letter L Lampent|Litwick|Lunala
100%
Flying/Letter L Landorus|Ledian|Ledyba|Lugia
100%
Ice/Letter L Lapras
100%
Bug/Letter L Larvesta|Leavanny|Ledian|Ledyba|Lokix
100%
Grass/Letter L Leafeon|Leavanny|Lileep|Lilligant|Lombre|Lotad|Ludicolo|Lurantis
100%
Normal/Letter L Lechonk|Lickilicky|Lickitung|Lillipup|Linoone|Litleo|Lopunny|Loudred
100%
Dark/Letter M Mabosstiff|Malamar|Mandibuzz|Maschiff|Meowscarada|Mightyena|Morgrem|Morpeko|Murkrow
100%
Fighting/Letter M Machoke|Machop|Machamp|Makuhita|Mankey|Marshadow|Medicham|Meditite|Mienfoo|Mienshao|Monferno
100%
Steel/Letter M Magearna|Magnemite|Magneton|Magnezone|Mawile|Melmetal|Meltan|Metagross|Metang
100%
Water/Letter M Magikarp|Manaphy|Mantine|Mantyke|Mareanie|Marill|Marshtomp|Milotic|Mudkip
100%
Ice/Letter M Mamoswine|Mr. Rime
100%
Flying/Letter M Mandibuzz|Mantine|Mantyke|Masquerain|Minior|Moltres|Mothim|Murkrow
100%
Bug/Letter M Maquerain|Metapod|Mothim
100%
Poison/Letter M Mareanie|Muk|Munkidori
100%
Ghost/Letter M Marshadow|Mimikyu|Misdreavus|Mismagius
100%
Rock/Letter N Nacli|Naclstack|Nihilego|Nosepass
100%
Dragon/Letter N Naganadel|Noibat|Noivern
100%
Psychic/Letter N Natu|Necrozma
100%
Normal/Letter N Noctowl
100%
Dark/Letter O Obstagoon|Overqwil
100%
Water/Letter O Octillery|Omanyte|Omastar|Oshawott
100%
Fighting/Letter O Okidogi
100%
Electric/Letter P Pachirisu|Pawmi|Pawmo|Pawmot|Pichu|Pikachu|Pincurchin|Plusle
100%
Ground/Letter P Palossand|Palpitoad|Phanpy|Piloswine|Pupitar
100%
Dark/Letter P Pangoro|Pawniard|Poochyena|Purrloin
100%
Normal/Letter P Patrat|Persian|Pidgeot|Pidgeotto|Pidgey|Pidove|Pikipek|Porygon|Porygon2|Porygon-Z|Purugly|Pyroar
100%
Flying/Letter P Pelipper|Pidgeot|Pidgeotto|Pidgey|Pidove|Pikipek
100%
Water/Letter Q Quagsire|Quaquaval|Quaxwell|Quaxly|Qwilfish
100%
Fighting/Letter Q Quaquaval
100%
Poison/Letter Q Qwilfish
100%
Fire/Letter R Raboot|Rapidash|Reshiram
100%
Electric/Letter R Raging Bolt|Raichu|Raikou|Regieleki|Rotom
100%
Rock/Letter R Rampardos|Regirock|Relicanth|Rhydon|Rhyhorn|Rhyperior|Rockruff|Roggenrola|Rolycoly
100%
Normal/Letter R Raticate|Rattata|Regigigas|Rufflet
100%
Ground/Letter R Rhydon|Rhyhorn|Rhyperior|Runerigus
100%
Grass/Letter R Rillaboom|Roselia|Roserade|Rowlet
100%
Ghost/Letter R Rotom|Runerigus
100%
Poison/Letter S Salandit|Salazzle|Scolipede|Seviper|Shroodle|Skorupi|Skrelp|Skuntank|Sneasler|Spinarak|Stunky|Swalot
100%
Water/Letter S Samurott|Seaking|Seadra|Sealeo|Seel|Seismitoad|Sharpedo|Shellder|Shellos|Simipour|Skrelp|Slowbro|Slowking|Slowpoke|Sobble|Spheal|Squirtle|Starmie|Staryu| Suicune|Surskit|Swampert|Swanna
100%
Ground/Letter S Sandaconda|Sandile|Sandshrew|Sandslash|Sandy Shocks|Sandygast|Seismitoad|Silicobra|Steelix|Stunfisk|Swampert|Swinub
100%
Grass/Letter S Sawsbuck|Sceptile|Scovillain|Seedot|Serperior|Servine|Sewaddle|Shaymin|Shiftry|Shiinotic|Shroomish|Simisage|Sinistcha|Skiddo|Skiploom|Smoliv|Snivy|Snover| Sprigatito|Steenee|Sunflora|Sunkern|Swadloon
100%
Normal/Letter S Sawsbuck|Sentret|Shroodle|Silvally|Skitty|Skwovet|Slaking|Slakoth|Smeargle|Smoliv|Snorlax|Spearow|Spinda|Squawkabilly|Stantler|Staraptor|Staravia|Starly|Stoutland| Stufful|Swablu|Swellow
100%
Normal/Letter T Taillow|Tandemaus|Tauros|Teddiursa|Terapagos|Toucannon|Tranquill|Trumbeak|Type Null
100%
Fire/Letter T Talonflame|Tepig|Torchic|Torkoal|Torracat|Turtonator|Typhlosion
100%
Grass/Letter T Tangela|Tangrowth|Tapu Bulu|Thwackey|Toedscool|Toedscruel|Torterra|Treecko|Trevenant|Tropius|Tsareena|Turtwig
100%
Fighting/Letter T Terrakion|Throh|Timburr|Toxicroak|Tyrogue
100%
Rock/Letter T Terrakion|Tirtouga|Tyranitar|Tyrantrum|Tyrunt
100%
Dark/Letter T Thievul|Ting-Lu|Tyranitar
100%
Ground/Letter T Ting-Lu|Toesdcool|Toedscruel|Torterra|Trapinch
100%
Ghost/Letter T Trevenant
100%
Dark/Letter U Umbreon|Urshifu
100%
Flying/Letter U Unfezant
100%
Normal/Letter U Unfezant|Ursaluna|Ursaring
100%
Psychic/Letter U Unown|Uxie
100%
Ground/Letter U Ursaluna
100%
Water/Letter V Vaporeon|Veluza|Volcanion
100%
Psychic/Letter V Veluza|Victini
100%
Bug/Letter V Venipede|Venomoth|Venonat|Vespiquen|Vikavolt|Vivillon|Volbeat|Volcarona
100%
Grass/Letter V Venusaur|Victreebel|Vileplume|Virizion
100%
Electric/Letter V Vikavolt|Voltorb
100%
Fighting/Letter V Virizion
100%
Water/Letter W Wailmer|Wailord|Walking Wake|Walrein|Wartortle|Whiscash|Wiglett|Wimpod|Wingull|Wishiwashi|Wooper|Wugtrio
100%
Dark/Letter W Weavile|Wo-Chien
100%
Psychic/Letter W Wobbuffet|Woobat|Wynaut|Wyrdeer
100%
Flying/Letter X Xatu
100%
Fairy/Letter X Xerneas
100%
Ghost/Letter Y Yamask
100%
Electric/Letter Y Yamper
100%
Flying/Letter Z Zapdos|Zubat
100%
Electric/Letter Z Zebstrika|Zapdos|Zekrom|Zeraora
100%
Poison/Letter T Tentacool|Tentacruel|Toxapex|Toxel|Toxicroak|Toxtricity|Trubbish
80%
Fire/Letter H Heatmor|Heatran|Ho-Oh|Houndoom|Houndour
75%
Fire/Letter L Lampent|Larvesta|Litleo|Litten|Litwick
75%
Electric/Letter M Magnemite|Magneton|Magnezone|Manectric|Magnezone|Minun|Miraidon|Morpeko
75%
Normal/Letter C Castform|Chansey|Chatot|Cinccino|Cyclizar
67%
Psychic/Letter K Kadabra|Kirlia
67%
Ground/Letter M Mamoswine|Marowak|Marshtomp|Mudbray|Mudsdale
67%
Fire/Letter V Victini|Volcanion|Volcarona|Vulpix
67%
Ghost/Letter D Decidueye|Dhelmise|Doublade|Dragapult|Drakloak|Dreepy|Drifblim|Drifloon|Dusclops|Dusknoir|Duskull
50%
Poison/Letter G Garbodor|Gastly|Gengar|Glimmet|Glimmora|Gloom|Golbat|Grafaiai|Grimer|Gulpin
50%
Grass/Letter H Hoppip|Hydrapple
50%
Grass/Letter O Oddish|Ogerpon
50%
Psychic/Letter O Oranguru|Orbeetle
50%
Fire/Letter S Salandit|Salazzle|Scorbunny|Scovillain|Simisear|Sizzlipede|Skeledirge|Slugma
50%
Psychic/Letter S Scream Tail|Sigilyph|Slowbro|Slowking|Slowpoke|Smoochum|Solgaleo|Solosis|Solrock|Spoink|Starmie|Swoobat
50%
Dragon/Letter T Tatsugiri|Turtonator|Tyrantrum|Tyrunt
50%
Ground/Letter W Whiscash|Wooper
50%
Rock/Letter C Carbink|Carkol|Carracosta|Coalossal|Corsola|Cradily|Cranidos|Crustle
33%
Ice/Letter A Abomasnow|Amaura|Arctibax|Arctovish|Arctozolt|Articuno|Aurorus|Avalugg
0%
Psychic/Letter A Abra|Alakazam|Azelf
0%
Dark/Letter A Absol
0%
Bug/Letter A Accelgor|Anorith|Araquanid|Ariados|Armaldo
0%
Steel/Letter A Aegislash|Aggron|Archaludon|Aron
0%
Rock/Letter A Aerodactyl|Aggron|Amaura|Anorith|Archen|Archeops|Armaldo|Aron|Aurorus
0%
Flying/Letter A Aerodactyl|Altaria|Archen|Archeops|Articuno
0%
Normal/Letter A Aipom|Ambipom|Arboliva|Arceus|Azurill
0%
Fairy/Letter A Alcremie|Aromatisse|Azumarill|Azurill
0%
Water/Letter A Alomomola|Araquanid|Arctovish|Arrokuda|Azumarill
0%
Dragon/Letter A Altaria|Archaludon|Arctibax|Axew
0%
Poison/Letter A Amoonguss|Arbok|Ariados
0%
Electric/Letter A Ampharos|Arctozolt
0%
Fighting/Letter A Annihilape
0%
Fire/Letter A Arcanine|Armarouge
0%
Ground/Letter B Baltoy|Barboach
0%
Ghost/Letter B Banette|Basculegion|Blacephalon|Brambleghast|Bramblin
0%
Water/Letter B Barbaracle|Barboach|Barraskewda|Basculegion|Basculin|Bibarel|Binacle|Blastoise|Brionne|Bruxish|Buizel
0%
Steel/Letter B Bastiodon|Bisharp|Bronzong|Bronzor
0%
Ice/Letter B Baxcalibur|Beartic|Bergmite
0%
Bug/Letter B Beautifly|Beedrill|Blipbug|Burmy|Butterfree|Buzzwole
0%
Flying/Letter B Beautifly|Bombirdier|Braviary|Butterfree
0%
Psychic/Letter B Beheeyem|Beldum|Bronzong|Bronzor|Bruxish
0%
Electric/Letter B Bellibolt|Blitzle|Boltund
0%
Normal/Letter B Bewear|Bibarel|Bidoof|Blissey|Bouffalant|Braviary|Buneary|Bunnelby
0%
Fighting/Letter B Bewear|Blaziken|Breloom|Buzzwole
0%
Grass/Letter C Cacnea|Cacturne|Calyrex|Capsakid|Carnivine|Celebi|Cherrim|Cherubi|Chesnaught|Chespin|Chikorita|Cottonee|Cradily
0%
Flying/Letter C Celesteela|Charizard|Chatot|Combee|Corviknight|Corvisquire|Cramorant|Crobat
0%
Steel/Letter C Celesteela|Cobalion|Copperajah|Corviknight|Cufant
0%
Ghost/Letter C Ceruledge|Chandelure|Cofagrigus|Cursola
0%
Electric/Letter C Charjabug|Chinchou
0%
Poison/Letter C Clodsire|Croagunk|Crobat
0%
Dragon/Letter C Cyclizar
0%
Fairy/Letter D Dachsbun|Dedenne|Diancie
0%
Dark/Letter D Darkrai|Deino|Drapion
0%
Flying/Letter D Dartrix|Delibird|Dodrio|Doduo|Dragonite|Drifblim|Drifloon|Ducklett
0%
Electric/Letter D Dedenne|Dracozolt
0%
Normal/Letter D Deerling|Delcatty|Diggersby|Ditto|Dodrio|Doduo|Dolliv|Drampa|Dubwool|Dudunsparce|Dunsparce
0%
Dragon/Letter D Deino|Dialga|Dipplin|Dracovish|Dracozolt|Dragalge|Dragapult|Dragonair|Dragonite|Drakloak|Drampa|Dratini|Dreepy|Druddigon|Duraludon
0%
Psychic/Letter D Delphox|Deoxys|Dottler|Drowzee|Duosion
0%
Water/Letter D Dewgong|Dewott|Dewpider|Dondozo|Dracovish|Drednaw|Drizzile|Ducklett
0%
Bug/Letter D Dewpider|Dottler|Durant|Dustox|Dwebble
0%
Steel/Letter D Dialga|Doublade|Duraludon|Durant
0%
Ground/Letter D Diggersby|Diglett|Donphan|Drilbur|Dugtrio
0%
Bug/Letter C Cascoon|Caterpie|Centiskorch|Charjabug|Combee|Crustle|Cutiefly
0%
Dark/Letter S Sableye|Sandile|Scrafty|Scraggy|Sharpedo|Shiftry|Skuntank|Sneasel|Spiritomb|Stunky
0%
Poison/Letter D Dragalge|Drapion|Dustox
0%
Normal/Letter E Eevee|Exploud
0%
Ice/Letter E Eiscue
0%
Grass/Letter E Eldegoss|Exeggcute|Exeggutor
0%
Fighting/Letter E Emboar
0%
Fire/Letter E Emboar|Entei
0%
Water/Letter E Empoleon
0%
Steel/Letter E Empoleon|Escavalier|Excadrill
0%
Fairy/Letter E Enamorus
0%
Bug/Letter E Escavalier
0%
Ground/Letter E Excadrill
0%
Flying/Letter F Farfetch'd|Fearow|Flamigo|Fletchinder|Fletchling
0%
Psychic/Letter F Farigiraf|Flittle
0%
Water/Letter F Feebas|Feraligatr|Finizen|Finneon|Floatzel|Frillish|Froakie|Frogadier
0%
Grass/Letter F Ferroseed|Ferrothorn|Flapple|Floragato|Fomantis|Foongus
0%
Steel/Letter F Ferroseed|Ferrothorn|Forretress
0%
Electric/Letter F Flaaffy
0%
Dragon/Letter F Flapple|Flygon|Fraxure|Frigibax
0%
Ghost/Letter F Flutter Mane|Frillish|Froslass
0%
Ground/Letter F Flygon
0%
Bug/Letter F Forretress|Frosmoth
0%
Ice/Letter F Frigibax|Froslass|Frosmoth
0%
Ground/Letter G Gabite|Garchomp|Gastrodon|Geodude|Gible|Gligar|Gliscor|Golem|Golett|Golurk|Graveler|Great Tusk|Groudon
0%
Dragon/Letter G Gabite|Garchomp|Gible|Giratina|Goodra|Goomy|Gouging Fire|Guzzlord
0%
Psychic/Letter G Gallade|Gardevoir|Girafarig|Gothita|Gothitelle|Gothorita|Grumpig
0%
Fighting/Letter G Gallade|Grapploct|Great Tusk|Gurdurr
0%
Electric/Letter G Galvantula
0%
Bug/Letter G Galvantula|Genesect|Golisopod|Grubbin
0%
Fairy/Letter G Gardevoir|Granbull|Grimmsnarl
0%
Rock/Letter G Garganacl|Geodude|Gigalith|Glimmet|Glimmora|Golem|Graveler
0%
Ghost/Letter G Gastly|Gengar|Gholdengo|Gimmighoul|Giratina|Golett|Golurk|Gourgeist|Greavard
0%
Steel/Letter G Genesect|Gholdengo
0%
Normal/Letter G Girafarig|Glameow|Grafaiai|Greedent|Gumshoos
0%
Ice/Letter G Glaceon|Glalie|Glastrier
0%
Grass/Letter G Gloom|Gogoat|Gossifleur|Gourgeist|Grookey|Grotle|Grovyle
0%
Fire/Letter G Gouging Fire|Growlithe
0%
Dark/Letter G Greninja|Grimmsnarl|Guzzlord
0%
Fighting/Letter H Hakamo-O|Hariyama|Hawlucha|Heracross|Hitmonchan|Hitmonlee|Hitmontop
0%
Dragon/Letter H Hakamo-o|Haxorus|Hydrapple|Hydreigon
0%
Psychic/Letter H Hatenna|Hatterene|Hattrem|Hoopa|Hypno
0%
Fairy/Letter H Hatterene
0%
Poison/Letter H Haunter
0%
Ghost/Letter H Haunter|Honedge|Hoopa|Houndstone
0%
Flying/Letter H Hawlucha|Ho-oh|Honchkrow|Hoothoot|Hoppip
0%
Steel/Letter H Heatran|Honedge
0%
Electric/Letter H Heliolisk|Helioptile
0%
Bug/Letter H Heracross
0%
Ground/Letter H Hippopotas|Hippowdon
0%
Water/Letter H Horsea|Huntail
0%
Bug/Letter I Illumise
0%
Dark/Letter I Incineroar|Impidimp|Inkay|Iron Jugulis
0%
Fire/Letter I Incineroar|Infernape|Iron Moth
0%
Psychic/Letter I Indeedee|Inkay|Iron Boulder|Iron Crown|Iron Leaves
0%
Steel/Letter I Iron Crown|Iron Treads
0%
Electric/Letter I Iron Hands|Iron Thorns
0%
Flying/Letter I Iron Jugulis
0%
Grass/Letter I Iron Leaves|Ivysaur
0%
Poison/Letter I Iron Moth|Ivysaur
0%
Ground/Letter I Iron Treads
0%
Dragon/Letter J Jangmo-o
0%
Ghost/Letter J Jellicent
0%
Normal/Letter J Jigglypuff
0%
Fairy/Letter J Jigglypuff
0%
Bug/Letter J Joltik
0%
Ice/Letter J Jynx
0%
Water/Letter K Kabuto|Kabutops|Keldeo|Kingdra|Kingler|Krabby|Kyogre
0%
Rock/Letter K Kabuto|Kabutops|Klawf|Kleavor
0%
Bug/Letter K Kakuna|Karrablast|Kleavor|Kricketot|Kricketune
0%
Poison/Letter K Kakuna|Koffing
0%
Normal/Letter K Kangaskhan|Kecleon|Komala
0%
Grass/Letter K Kartana
0%
Steel/Letter K Kartana|Kingambit|Klang|Klefki|Klink|Klinklang
0%
Fighting/Letter K Keldeo|Kommo-o|Koraidon|Kubfu
0%
Flying/Letter K Kilowattrel
0%
Electric/Letter K Kilowattrel
0%
Dark/Letter K Kingambit|Krokorok|Krookodile
0%
Dragon/Letter K Kingdra|Kommo-o|Koraidon|Kyurem
0%
Ground/Letter K Krokorok|Krookodile
0%
Rock/Letter L Lairon|Larvitar|Lileep|Lunatone|Lycanroc
0%
Steel/Letter L Lairon|Lucario
0%
Ground/Letter L Landorus|Larvitar
0%
Water/Letter L Lanturn|Lapras|Lombre|Lotad|Ludicolo|Lumineon|Luvdisc
0%
Electric/Letter L Lanturn|Luxio|Luxray
0%
Dragon/Letter L Latias|Latios
0%
Psychic/Letter L Latias|Latios|Lugia|Lunala|Lunatone
0%
Dark/Letter L Liepard|Lokix
0%
Fighting/Letter L Lucario
0%
Fire/Letter M Magby|Magcargo|Mamar|Magmortar|Moltres|Monferno
0%
Rock/Letter M Magcargo|Minior
0%
Fairy/Letter M Magearna|Marill|Mawile|Milcery|Mime Jr.|Mimikyu|Morelull|Morgrem|Mr. Mime
0%
Psychic/Letter M Malamar|Medicham|Meditite|Meloetta|Meowstic|Mesprit|Metagross|Metang|Mew|Mewtwo|Mime Jr.|Mr. Mime|Mr. Rime|Munkidori|Munna|Musharna
0%
Grass/Letter M Maractus|Meganium|Meowscarada|Morelull
0%
Normal/Letter M Maushold|Meloetta|Meowth|Miltank|Minccino|Munchlax
0%
Dragon/Letter M Miraidon
0%
Poison/Letter N Naganadel|Nidoking|Nidoqueen|Nidoran|Nidorino|Nidorina|Nihilego
0%
Flying/Letter N Natu|Ninjask|Noctowl|Noibat|Noivern
0%
Dark/Letter N Nickit|Nuzleaf
0%
Ground/Letter N Nidoking|Nidoqueen|Nincada|Numel
0%
Bug/Letter N Nincada|Ninjask|Nymble
0%
Fire/Letter N Ninetales|Numel
0%
Grass/Letter N Nuzleaf
0%
Normal/Letter O Obstagoon|Oinkologne|Oranguru
0%
Poison/Letter O Oddish|Okidogi|Overqwil
0%
Rock/Letter O Omanyte|Omastar|Onix
0%
Ground/Letter O Onix
0%
Bug/Letter O Orbeetle
0%
Steel/Letter O Orthworm
0%
Water/Letter P Palafin|Palpitoad|Palkia|Panpour|Pelipper|Phione|Piplup|Politoed|Poliwag|Poliwhirl|Poliwrath|Popplio|Primarina|Prinplup|Psyduck|Pyukumuku
0%
Dragon/Letter P Palkia
0%
Ghost/Letter P Palossand|Pecharunt|Phantump|Poltchageist|Polteageist|Pumpkaboo
0%
Fighting/Letter P Pancham|Pangoro|Passimian|Pawmo|Pawmot|Pheromosa|Pignite|Poliwrath|Primeape
0%
Grass/Letter P Pansage|Paras|Parasect|Petilil|Phantump|Poltchageist|Pumpkaboo
0%
Fire/Letter P Pansear|Pignite|Ponyta|Pyroar
0%
Bug/Letter P Paras|Parasect|Pheromosa|Pineco|Pinsir
0%
Steel/Letter P Pawniard|Perrserker|Probopass
0%
Poison/Letter P Pecharunt|Poipole
0%
Ice/Letter P Piloswine
0%
Fairy/Letter P Primarina
0%
Rock/Letter P Probopass|Pupitar
0%
Ground/Letter Q Quagsire
0%
Fire/Letter Q Quilava
0%
Grass/Letter Q Quilladin
0%
Psychic/Letter R Rabsca|Ralts|Reuniclus
0%
Bug/Letter R Rabsca|Rellor|Ribombee
0%
Dragon/Letter R Raging Bolt|Rayquaza|Regidrago|Reshiram|Roaring Moon
0%
Fairy/Letter R Ralts|Ribombee
0%
Poison/Letter R Ravavroom|Roselia|Roserade
0%
Flying/Letter R Rayquaza|Rookidee|Rowlet|Rufflet
0%
Ice/Letter R Regice
0%
Steel/Letter R Registeel|Revavroom
0%
Water/Letter R Relicanth|Remoraid
0%
Fighting/Letter R Riolu
0%
Dark/Letter R Roaring Moon
0%
Ghost/Letter S Sableye|Sandygast|Shedinja|Shuppet|Sinistcha|Sinistea|Skeledirge|Spectrier|Spiritomb
0%
Flying/Letter S Salamence|Scyther|Sigilyph|Skarmory|Skiploom|Spearow|Squawkabilly|Staraptor|Staravia|Starly|Swablu|Swanna|Swellow|Swoobat
0%
Dragon/Letter S Salamence|Shelgon|Sliggoo
0%
Electric/Letter S Sandy Shocks|Shinx|Stunfisk
0%
Fighting/Letter S Sawk|Scrafty|Scraggy|Sirfetch'd|Slither Wing|Sneasler|Stufful
0%
Bug/Letter S Scatterbug|Scizor|Scolipede|Scyther|Sewaddle|Shedinja|Shelmet|Shuckle|Silcoon|Sizzlipede|Skorupi|Slither Wing|Snom|Spewpa|Spidops|Spinarak|Surskit|Swadloon
0%
Steel/Letter S Scizor|Shieldon|Skarmory|Solgaleo|Stakataka|Steelix
0%
Fairy/Letter S Scream Tail|Shiinotic|Slurpuff|Snubbull|Spritzee|Swirlix|Sylveon
0%
Ice/Letter S Sealeo|Smoochum|Sneasel|Snom|Snorunt|Snover|Spheal|Swinub
0%
Rock/Letter S Shieldon|Shuckle|Solrock|Stakataka|Stonjourner|Sudowoodo
0%
Electric/Letter T Tadbulb|Tapu Koko|Thundurus|Togedemaru|Toxel|Toxtricity|Tynamo
0%
Flying/Letter T Taillow|Talonflame|Thundurus|Togekiss|Togetic|Tornadus|Toucannon|Tranquill|Tropius|Trumbeak
0%
Fairy/Letter T Tapu Bulu|Tapu Fini|Tapu Koko|Tapu Lele|Tinkatink|Tinkaton|Tinkatuff|Togekiss|Togepi|Togetic
0%
Water/Letter T Tapu Fini|Tatsugiri|Tentacool|Tentacruel|Tirtouga|Totodile|Toxapex|Tympole
0%
Psychic/Letter T Tapu Lele
0%
Bug/Letter T Tarountula
0%
Steel/Letter T Tinkatink|Tinkaton|Tinkatuff|Togedemaru
0%
Fighting/Letter U Urshifu
0%
Ice/Letter V Vanillish|Vanillite|Vanilluxe
0%
Steel/Letter V Varoom
0%
Poison/Letter V Venipede|Venomoth|Venonat|Venusaur|Victreebel|Vileplume
0%
Flying/Letter V Vespiquen|Vivillon|Vullaby
0%
Ground/Letter V Vibrava
0%
Dragon/Letter V Vibrava
0%
Normal/Letter V Vigoroth
0%
Dark/Letter V Vullaby
0%
Dragon/Letter W Walking Wake
0%
Ice/Letter W Walrein|Weavile
0%
Normal/Letter W Watchog|Whismur|Wigglytuff|Wooloo|Wyrdeer
0%
Electric/Letter W Wattrel
0%
Flying/Letter W Wattrel|Wingull|Woobat
0%
Poison/Letter W Weedle|Weepinbell|Weezing|Whirlipede
0%
Bug/Letter W Weedle|Whirlipede|Wimpod|Wormadam|Wurmple
0%
Grass/Letter W Weepinbell|Whimsicott|Wo-Chien|Wormadam
0%
Fairy/Letter W Whimsicott|Wigglytuff
0%
Psychic/Letter X Xatu
0%
Electric/Letter X Xurkitree
0%
Bug/Letter Y Yanma|Yanmega
0%
Flying/Letter Y Yanma|Yanmega|Yveltal
0%
Normal/Letter Y Yungoos
0%
Dark/Letter Y Yveltal
0%
Fairy/Letter Z Zacian
0%
Fighting/Letter Z Zamazenta
0%
Normal/Letter Z Zangoose|Zigzagoon
0%
Grass/Letter Z Zarude
0%
Dark/Letter Z Zarude|Zoroark|Zorua|Zweilous
0%
Poison/Letter Z Zubat
0%
Dragon/Letter Z Zweilous|Zygarde
0%
Ground/Letter Z Zygarde
0%
No matching quizzes found
Score Distribution
Percent of People with Each Score
Percentile by Number Answered
Your Score History
You have not taken this quiz since the last reset